| 000 | 00743nam a22002177a 4500 | ||
|---|---|---|---|
| 008 | 090130t xxu||||| |||| 00| 0 eng d | ||
| 010 | _aENG-92707 | ||
| 020 |
_c50.00 _a9788190711661 |
||
| 035 | _aEN-76240 | ||
| 037 | _bDBAD / PUB | ||
| 040 |
_adpl _bEnglish |
||
| 082 | _a548 | ||
| 100 | _aAnuradha, G. | ||
| 245 |
_aCrystal physics / _cby G. Anuradha |
||
| 260 |
_aChennai _bLKM Publications _c2008 |
||
| 270 |
_aNo. 33/4, (15/4), Ramanathan, Street, T. Nagar, _bChennai _e17 |
||
| 300 |
_a128p. _c20cm (pbk) |
||
| 650 | _aCrystallography. | ||
| 942 |
_2ddc _cEN _mANU _h548 |
||
| 999 |
_c22662 _d22662 |
||